Countries with W - Statistics

General Stats
  • This quiz has been taken 50 times
  • The average score is 9 of 12
Answer Stats
Continent Country % Correct
Europe Sweden
90%
Europe Switzerland
90%
Oceania New Zealand
85%
Africa Swaziland
83%
Africa Rwanda
78%
Europe Norway
76%
Africa Malawi
68%
Africa Zimbabwe
68%
Africa Botswana
66%
Asia Kuwait
61%
Asia Taiwan
61%
Oceania Papua New Guinea
56%
No matching quizzes found
Score Distribution
Percent of People with Each Score
Percentile by Number Answered
Your Score History
You have not taken this quiz